Self-awareness as component of emotional intelligence in public speaking

Analýza a interpretácia troch politických prejavov prezidenta USA B. Obamu. Dôraz je kladený na emocionálne prvky prejavov.

Na minha lista:
Detalhes bibliográficos
Autor principal: Breveníková, Daniela
Formato: Capítulo de Livro
Idioma:inglês
Assuntos:
Tags: Adicionar Tag
Sem tags, seja o primeiro a adicionar uma tag!

MARC

LEADER 00000nla a2200000 4500
001 0180117
005 20240502083423.8
041 0 |a eng 
044 |a CZ 
245 1 0 |a Self-awareness as component of emotional intelligence in public speaking  |c Daniela Breveníková 
520 |a Analýza a interpretácia troch politických prejavov prezidenta USA B. Obamu. Dôraz je kladený na emocionálne prvky prejavov. 
610 2 0 |a jazyky cudzie 
610 2 0 |a komunikácia 
610 2 0 |a politika 
610 2 0 |a prezidenti 
610 2 0 |a USA 
610 2 0 |a inteligencia emocionálna 
100 1 |a Breveníková, Daniela